| 000 | 004930000a22001810004500 | ||
|---|---|---|---|
| 001 | 004488 | ||
| 003 | MACL | ||
| 005 | 20150704155506.0 | ||
| 008 | 150704b xxu||||| |||| 00| 0 eng d | ||
| 040 |
_aMACL _cMACL |
||
| 041 | _aEnglish | ||
| 100 |
_aSiddiqui, M.K.A. _9666 |
||
| 245 |
_aVoluntary Associations Of The Muslims In Kolkata _cM.K.A. Siddiqui |
||
| 260 |
_aInstitute Of Objectives Studies, _c2004 _bNew Delhi |
||
| 350 | _a75 | ||
| 650 |
_aSocial Science _929 |
||
| 942 |
_k302 _cBK _2ddc |
||
| 999 |
_c16377 _d16377 |
||